000 01021 a2200205 4500
003 UA-OsUOA
005 20260327142141.0
008 260327b un ||||| |||| 00| 0 ukr d
040 _aUA-OsUOA
_bukr
_cUA-OsUOA
_dUA-OsUOA
041 _aukr
080 _a82-94
090 _a82-94
_bІ-18
245 _aІван Франко 1856-1966
_bдо 110-річчя з дня народження
_cУкраїнське Товариство дружби і культурного зв'язку з зарубіжними країнами
260 _c1966
_aКиїв
300 _a17 с.
650 _2UDC
_a82-94 Історія як літературний жанр. Історичні твори. Історіографія. Хроніки. Аннали, літописи. Мемуари. Спогади. Щоденники. Біографії. Автобіографії
_92061
942 _cBR
_2udc
955 _a0
999 _c580270
_d580270